000 00571nam a2200217Ia 4500
003 OSt
005 20230427145617.0
008 210423s2018 xx 000 0 und d
020 _a978-93-5142-635-6
040 _cAL
041 _aeng
082 _a302.23
_223
_bRAYM
100 _aRAYUDU (C S)
_994184
245 _aMedia and communication management
260 _aMumbai
_bHimalaya Publishing House
_c2018
300 _axiii,720
_bPB
365 _b625
_cINR
650 _aCommunication
_994185
906 _acommunication ; management ; Media
942 _2ddc
_cBK
999 _c170391
_d170391